Orientales: una historia política del Uruguay
Gardado en:
| Autor Principal: | |
|---|---|
| Formato: | Libro |
| Idioma: | Lingua castelá |
| Publicado: |
Montevideo
Planeta
2008
|
| Edición: | 2a. ed |
| Subjects: | |
| Tags: |
Engadir etiqueta
Sen Etiquetas, Sexa o primeiro en etiquetar este rexistro!
|
MARC
| LEADER | 00000nam a2200000 a 4500 | ||
|---|---|---|---|
| 001 | UCG2064 | ||
| 003 | CL-VaPUC | ||
| 008 | 100610e20080400UY |||||||||||||||||spa|d | ||
| 020 | |a 9789974643499 | ||
| 082 | 0 | 4 | |a 989.505 |b MAI |2 21 |
| 100 | |a Maiztegui Casas, Lincoln Raúl |e autor |9 550311 | ||
| 245 | 1 | 0 | |a Orientales: una historia política del Uruguay |
| 250 | |a 2a. ed | ||
| 300 | |a v | ||
| 942 | |c BK | ||
| 945 | |d 20100610 00:00:00 |a dcastane | ||
| 260 | |a Montevideo |b Planeta |c 2008 | ||
| 650 | 7 | |a HISTORIA DE URUGUAY 1865-1938 |2 CL-VaPUC |9 550312 | |
| 650 | 7 | |a HISTORIA DE URUGUAY SIGLOS 19-20 |2 CL-VaPUC |9 550313 | |
| 651 | 0 | |a Uruguay |9 255194 | |
| 583 | |a last modification |c 20160901 10:42:05 |k Rodrigo Vera | ||
| 999 | |c 341304 |d 341302 | ||
| 952 | |0 0 |1 0 |4 0 |6 989_505000000000000_MAI_2008 |7 0 |8 A |9 436684 |a BIBDER |b BIBDER |d 2019-11-22 |h v.2 |i 4683994 |o 989.505 MAI 2008 |p 4683994 |r 2023-01-25 |w 2019-11-22 |y BK |k DER | ||